[Event "4th GRENKE Open 2019"]
[Site "Karlsruhe"]
[Date "2019.04.19"]
[Round "2.36"]
[White "Hakobyan, Aram"]
[Black "Skibbe, Willi"]
[Result "1-0"]
[WhiteElo "2554"]
[BlackElo "2245"]
[Annotator "TA"]
[PlyCount "93"]
[EventDate "2019.04.18"]
[EventType "swiss"]
[EventCountry "GER"]
[SourceTitle "playchess.com"]
[Source "ChessBase"]
[SourceQuality "1"]

1. e4 c5 2. Nf3 Nc6 3. Nc3 e5 4. Bc4 Be7 5. d3 Nf6 6. Ng5 O-O 7. h4 Na5 8. f4 Nxc4 9. dxc4 d6 10. f5 g6 11. g4 h5 12. gxh5 gxf5 13. exf5 Bxf5 14. Rg1 Kh8 15. Qd2 Qd7 16. Nd5 Nh7 17. Qg2 Nf6 18. Ne3 Nxh5 19. Nd5 Bd8 20. Be3 f6 21. Qe2 fxg5 22. Qxh5+ Qh7 23. Qxh7+ Kxh7 24. hxg5 Bxc2 25. Rh1+ Kg7 26. Ke2 Be4 27. Rh6 Bxd5 28. cxd5 Be7 29. Re6 Rfe8 30. Rh1 Bf8 31. Reh6 Kf7 32. g6+ Kg7 33. Rf1 Re7 34. Bg5 Rae8 35. Rxf8 Kxf8 36. Rh8+ Kg7 37. Rh7+ Kf8 38. Bf6 Rxh7 39. gxh7 Kf7 40. h8=Q Rxh8 41. Bxh8 b5 42. Kd3 Kg6 43. Ke4 Kf7 44. Kf5 a5 45. Bf6 a4 46. Bg5 b4 47. Bd2 1-0

[Event "4th GRENKE Open 2019"]
[Site "Karlsruhe"]
[Date "2019.04.19"]
[Round "2.37"]
[White "Antal, Gergely"]
[Black "Koehler, Christian Friedrich"]
[Result "1-0"]
[WhiteElo "2552"]
[BlackElo "2245"]
[Annotator "TA"]
[PlyCount "29"]
[EventDate "2019.04.18"]
[EventType "swiss"]
[EventCountry "GER"]
[SourceTitle "playchess.com"]
[Source "ChessBase"]
[SourceQuality "1"]

1. e4 e5 2. Nf3 Nc6 3. Bc4 Nf6 4. d3 Be7 5. O-O O-O 6. Re1 d6 7. a4 Kh8 8. a5 a6 9. h3 Ng8 10. Nc3 f5 11. Nd5 Nf6 12. Ng5 Nxd5 13. Nxh7 Nf6 14. Nxf6 gxf6 15. Qh5+ 1-0

[Event "4th GRENKE Open 2019"]
[Site "Karlsruhe"]
[Date "2019.04.19"]
[Round "2.38"]
[White "Laiz Ibanez, Hector"]
[Black "Pavlidis, Antonios"]
[Result "0-1"]
[WhiteElo "2251"]
[BlackElo "2537"]
[Annotator "TA"]
[PlyCount "86"]
[EventDate "2019.04.18"]
[EventType "swiss"]
[EventCountry "GER"]
[SourceTitle "playchess.com"]
[Source "ChessBase"]
[SourceQuality "1"]

1. Nf3 Nf6 2. g3 g6 3. Bg2 Bg7 4. O-O O-O 5. d4 d6 6. Nc3 Nbd7 7. a4 c6 8. a5 Rb8 9. e4 e5 10. Re1 Qc7 11. h3 b6 12. axb6 axb6 13. b4 b5 14. Be3 Nb6 15. Qc1 Nc4 16. Bh6 Re8 17. Rd1 Qe7 18. Bg5 Qc7 19. d5 c5 20. bxc5 Qxc5 21. Ne1 Bd7 22. Nd3 Qb6 23. Rb1 Rec8 24. Rb4 Ne8 25. g4 Nc7 26. Ne2 Na6 27. Rb1 f6 28. Bh4 b4 29. Kh1 Na3 30. Rb2 Ba4 31. Ne1 b3 32. Rxb3 Bxb3 33. Qxa3 Bxc2 34. Rc1 Nb4 35. Nxc2 Rxc2 36. Rxc2 Nxc2 37. Qd3 Ne1 38. Qd1 Qb1 39. Qxb1 Rxb1 40. Kh2 Rb2 41. Nc3 Bh6 42. Bg3 Bf4 43. Bxf4 Rxf2 0-1

[Event "4th GRENKE Open 2019"]
[Site "Karlsruhe"]
[Date "2019.04.19"]
[Round "2.39"]
[White "Noe, Christopher"]
[Black "Nebolsina, Vera"]
[Result "0-1"]
[WhiteElo "2537"]
[BlackElo "2242"]
[Annotator "TA"]
[PlyCount "70"]
[EventDate "2019.04.18"]
[EventType "swiss"]
[EventCountry "GER"]
[SourceTitle "playchess.com"]
[Source "ChessBase"]
[SourceQuality "1"]

1. Nf3 Nf6 2. c4 g6 3. Nc3 Bg7 4. e4 d6 5. d4 O-O 6. Be2 e5 7. O-O Na6 8. Be3 Ng4 9. Bg5 f6 10. Bc1 c6 11. h3 Nh6 12. Be3 Qe8 13. Qb3 Kh8 14. dxe5 dxe5 15. c5 Nc7 16. Nd2 f5 17. f3 Ne6 18. Nc4 Nd4 19. Qd1 Qe7 20. Nd6 Be6 21. f4 b6 22. fxe5 bxc5 23. Bxd4 cxd4 24. Qxd4 f4 25. Bc4 Bxh3 26. gxh3 Bxe5 27. Qd3 Rad8 28. Kh1 Rxd6 29. Qf3 Rd2 30. Rad1 Rxb2 31. Ne2 g5 32. Qh5 Bg7 33. Bd3 Rxa2 34. Ng1 g4 35. hxg4 Qe6 0-1

[Event "4th GRENKE Open 2019"]
[Site "Karlsruhe"]
[Date "2019.04.19"]
[Round "2.40"]
[White "Petermann, Michail"]
[Black "Gukesh D"]
[Result "0-1"]
[WhiteElo "2251"]
[BlackElo "2536"]
[Annotator "TA"]
[PlyCount "58"]
[EventDate "2019.04.18"]
[EventType "swiss"]
[EventCountry "GER"]
[SourceTitle "playchess.com"]
[Source "ChessBase"]
[SourceQuality "1"]

1. e4 c5 2. Nc3 Nc6 3. f4 g6 4. Nf3 Bg7 5. Bb5 Nd4 6. O-O a6 7. Bd3 d6 8. Nxd4 cxd4 9. Ne2 Nf6 10. c3 dxc3 11. dxc3 O-O 12. Kh1 b5 13. Ng1 Bb7 14. Qe2 Nd7 15. Be3 e5 16. a4 bxa4 17. Rxa4 exf4 18. Rxf4 Ne5 19. Bd4 d5 20. Bxe5 Bxe5 21. Rf1 Qd7 22. Rfa1 Rfe8 23. Qc2 Bc6 24. Rxa6 Rxa6 25. Rxa6 Bb8 26. e5 Rxe5 27. Nf3 Re3 28. Ra1 d4 29. cxd4 Kg7 0-1

[Event "4th GRENKE Open 2019"]
[Site "Karlsruhe"]
[Date "2019.04.19"]
[Round "2.41"]
[White "Annaberdiev, Meilis"]
[Black "Szamoskozi, Gabor"]
[Result "1-0"]
[WhiteElo "2525"]
[BlackElo "2242"]
[Annotator "TA"]
[PlyCount "55"]
[EventDate "2019.04.18"]
[EventType "swiss"]
[EventCountry "GER"]
[SourceTitle "playchess.com"]
[Source "ChessBase"]
[SourceQuality "1"]

1. e4 c5 2. Nc3 Nc6 3. Bb5 g6 4. Bxc6 dxc6 5. d3 Bg7 6. Be3 b6 7. Qd2 h6 8. Nge2 Nf6 9. h3 Nd7 10. f4 e5 11. f5 g5 12. Ng3 Bf6 13. Nh5 Be7 14. Qe2 Nf8 15. Nd1 Kd7 16. Nf2 Kc7 17. Ng4 Qd6 18. Bf2 Kb7 19. Bg3 f6 20. Rd1 Bd7 21. b4 Be8 22. bxc5 bxc5 23. Rb1+ Kc7 24. d4 cxd4 25. Qa6 Rc8 26. Qa5+ Kd7 27. Nhxf6+ Bxf6 28. Rb7+ 1-0

[Event "4th GRENKE Open 2019"]
[Site "Karlsruhe"]
[Date "2019.04.19"]
[Round "2.42"]
[White "Groetzbach, Julian"]
[Black "Kunin, Vitaly"]
[Result "1-0"]
[WhiteElo "2250"]
[BlackElo "2520"]
[Annotator "RC"]
[PlyCount "85"]
[EventDate "2019.04.18"]
[EventType "swiss"]
[EventCountry "GER"]
[SourceTitle "playchess.com"]
[Source "ChessBase"]
[SourceQuality "1"]

1. e4 d6 2. d4 Nf6 3. Nc3 Nbd7 4. g4 h6 5. h3 e5 6. Bg2 c6 7. Nge2 b5 8. a3 Bb7 9. Ng3 g6 10. Be3 h5 11. g5 h4 12. gxf6 hxg3 13. fxg3 Qxf6 14. d5 Nb6 15. dxc6 Bxc6 16. Bxb6 axb6 17. Qd3 Bh6 18. Nd5 Qd8 19. O-O Bg7 20. Rad1 Bd7 21. g4 O-O 22. Nc3 Qc8 23. Qxd6 Be6 24. Qxb6 Rb8 25. Qe3 Qb7 26. Nd5 Rfd8 27. Rd3 Rbc8 28. c3 Bxd5 29. Rxd5 Rxd5 30. exd5 Qd7 31. Be4 Bf8 32. Kg2 Rc4 33. Qf3 Bd6 34. h4 Kg7 35. Kf2 Kf8 36. Ke2 Ke8 37. h5 gxh5 38. gxh5 Bf8 39. Kd3 Bh6 40. Qf5 Qc7 41. Kc2 Bf4 42. d6 Qxd6 43. Rxf4 1-0

[Event "4th GRENKE Open 2019"]
[Site "Karlsruhe"]
[Date "2019.04.19"]
[Round "2.43"]
[White "Dann, Matthias"]
[Black "Hoerstmann, Martin"]
[Result "1-0"]
[WhiteElo "2520"]
[BlackElo "2240"]
[Annotator "RC"]
[PlyCount "107"]
[EventDate "2019.04.18"]
[EventType "swiss"]
[EventCountry "GER"]
[SourceTitle "playchess.com"]
[Source "ChessBase"]
[SourceQuality "1"]

1. e4 g6 2. d4 Bg7 3. Nc3 d6 4. Nf3 Nf6 5. Bg5 a6 6. a4 Nc6 7. d5 Nb4 8. h3 O-O 9. Bc4 a5 10. O-O e5 11. dxe6 Bxe6 12. Bxe6 fxe6 13. e5 dxe5 14. Qe2 h6 15. Rad1 Qe8 16. Bxf6 Bxf6 17. Nxe5 Bxe5 18. Qxe5 Qf7 19. Nb5 Nd5 20. g3 Rae8 21. c4 Nb4 22. b3 Re7 23. Qe3 Kh7 24. Rd2 b6 25. Rfd1 Na6 26. Nd4 Qe8 27. Nf3 e5 28. Rd5 e4 29. Ne5 Nc5 30. Ng4 g5 31. Qc3 Qg6 32. Rd8 Qg7 33. Qc2 h5 34. Rxf8 Qxf8 35. Ne3 Qf3 36. Rd5 Rf7 37. Rd2 Nd3 38. Rxd3 exd3 39. Qxd3+ Kh6 40. Qd2 Qe4 41. h4 Qb1+ 42. Kg2 Qxb3 43. Qd5 Kg7 44. hxg5 Qb1 45. Qe5+ Kh7 46. f4 Qa2+ 47. Kf3 Qxa4 48. Qe6 Rg7 49. Nf5 Qd1+ 50. Kg2 Qd2+ 51. Kh3 Qd7 52. g6+ Kh8 53. Qf6 a4 54. Qf8+ 1-0

[Event "4th GRENKE Open 2019"]
[Site "Karlsruhe"]
[Date "2019.04.19"]
[Round "2.44"]
[White "Rossi, Aldo A"]
[Black "Shyam, Sundar M."]
[Result "1-0"]
[WhiteElo "2249"]
[BlackElo "2519"]
[Annotator "TA"]
[PlyCount "101"]
[EventDate "2019.04.18"]
[EventType "swiss"]
[EventCountry "GER"]
[SourceTitle "playchess.com"]
[Source "ChessBase"]
[SourceQuality "1"]

1. f4 d5 2. Nf3 g6 3. g3 Bg7 4. Bg2 Nh6 5. d3 d4 6. c3 c5 7. e4 dxe3 8. Bxe3 Na6 9. h3 Nf5 10. Bf2 O-O 11. Na3 Bd7 12. Nc4 Qc7 13. Qe2 Rad8 14. O-O Bc8 15. a4 Nd6 16. Ne3 e6 17. Rfd1 Rfe8 18. Qc2 b6 19. Re1 Bb7 20. Ng4 Bd5 21. Ne3 Bc6 22. Rad1 Qb7 23. Ne5 Bxg2 24. Nxg2 Nc7 25. d4 cxd4 26. Rxd4 f6 27. Qd1 Nd5 28. Nf3 Qc8 29. Qb3 f5 30. Ne5 Ne4 31. Red1 Bxe5 32. fxe5 Ng5 33. c4 Nxh3+ 34. Kf1 Nxf2 35. Kxf2 Ne7 36. Qb5 Rxd4 37. Rxd4 g5 38. b4 Ng6 39. Ne3 Rf8 40. Rd6 Rf7 41. a5 bxa5 42. Qxa5 Kg7 43. c5 h5 44. c6 f4 45. gxf4 gxf4 46. Nc4 f3 47. b5 Qf8 48. Qd8 Qxd8 49. Rxd8 h4 50. Nd6 Re7 51. c7 1-0

[Event "4th GRENKE Open 2019"]
[Site "Karlsruhe"]
[Date "2019.04.19"]
[Round "2.45"]
[White "Basso, Pier Luigi"]
[Black "Ristoja, Samu"]
[Result "1-0"]
[WhiteElo "2516"]
[BlackElo "2239"]
[Annotator "TA"]
[PlyCount "91"]
[EventDate "2019.04.18"]
[EventType "swiss"]
[EventCountry "GER"]
[SourceTitle "playchess.com"]
[Source "ChessBase"]
[SourceQuality "1"]

1. d4 Nf6 2. c4 e6 3. Nf3 Bb4+ 4. Bd2 Bxd2+ 5. Qxd2 d5 6. g3 O-O 7. Bg2 Nbd7 8. O-O dxc4 9. Rc1 c6 10. Rxc4 Qe7 11. b4 e5 12. dxe5 Nxe5 13. Nxe5 Qxe5 14. Nc3 a5 15. Rc5 Qe7 16. Rxa5 Rxa5 17. bxa5 Rd8 18. Qb2 Qe5 19. Qb6 Rd2 20. Rc1 g6 21. h3 Kg7 22. a3 h5 23. a6 bxa6 24. Qxc6 Be6 25. Qxa6 Qc5 26. Qc6 Qg5 27. Qf3 Rb2 28. Qf4 Qxf4 29. gxf4 Rb3 30. a4 Bd7 31. e4 h4 32. Bf3 Bxh3 33. e5 Nh5 34. Bxh5 gxh5 35. Ne4 Kg6 36. Kh2 Be6 37. Nd6 Rf3 38. Rg1+ Kh6 39. f5 Rxf2+ 40. Rg2 Rxg2+ 41. Kxg2 Bd5+ 42. Kh3 Kg5 43. a5 Kf4 44. e6 fxe6 45. f6 e5 46. a6 1-0

[Event "4th GRENKE Open 2019"]
[Site "Karlsruhe"]
[Date "2019.04.19"]
[Round "2.46"]
[White "Vatter, Hans-Joachim"]
[Black "Nasuta, Grzegorz"]
[Result "0-1"]
[WhiteElo "2245"]
[BlackElo "2516"]
[Annotator "TA"]
[PlyCount "61"]
[EventDate "2019.04.18"]
[EventType "swiss"]
[EventCountry "GER"]
[SourceTitle "playchess.com"]
[Source "ChessBase"]
[SourceQuality "1"]

1. e4 c5 2. Nf3 e6 3. d4 cxd4 4. Nxd4 Nf6 5. Nc3 d6 6. h3 Nc6 7. g4 h6 8. Be3 Bd7 9. Qd2 a6 10. O-O-O b5 11. Nxc6 Bxc6 12. f3 Be7 13. Rg1 g5 14. Qf2 Qc7 15. Bd3 Rc8 16. a3 Qb7 17. Qe2 Nd7 18. Bd4 Rg8 19. Rge1 Ne5 20. Na2 Rb8 21. Nb4 Bd7 22. c3 a5 23. Nc2 Nc6 24. e5 b4 25. Ba6 Qc7 26. exd6 Bxd6 27. axb4 axb4 28. Bc4 Na5 29. Bd5 Kf8 30. cxb4 Rxb4 31. Bc3 0-1

[Event "4th GRENKE Open 2019"]
[Site "Karlsruhe"]
[Date "2019.04.19"]
[Round "2.47"]
[White "Admiraal, Miguoel"]
[Black "Simonetto, Andrea"]
[Result "1-0"]
[WhiteElo "2516"]
[BlackElo "2238"]
[Annotator "TA"]
[PlyCount "87"]
[EventDate "2019.04.18"]
[EventType "swiss"]
[EventCountry "GER"]
[SourceTitle "playchess.com"]
[Source "ChessBase"]
[SourceQuality "1"]

1. d4 d5 2. c4 e6 3. Nc3 Nf6 4. cxd5 exd5 5. Bg5 Be7 6. e3 c6 7. Bd3 Nbd7 8. h3 Ne4 9. Bf4 Bb4 10. Qc2 Ndf6 11. Nge2 Bf5 12. f3 Nxc3 13. bxc3 Bxd3 14. Qxd3 Bd6 15. Bxd6 Qxd6 16. e4 dxe4 17. fxe4 Qe7 18. Ng3 O-O-O 19. O-O Rhe8 20. Rae1 Qc7 21. Nf5 Nh5 22. e5 Rxe5 23. Rxe5 Qxe5 24. Qf3 Qe8 25. Qxh5 g6 26. Qxh7 gxf5 27. Qxf5+ Rd7 28. Rf3 b5 29. a4 bxa4 30. Qa5 Qe6 31. Qxa4 Rb7 32. Qa3 Kc7 33. Qf8 Rb1+ 34. Kh2 Qd6+ 35. Qxd6+ Kxd6 36. Rxf7 a5 37. Ra7 Rc1 38. Rxa5 Rxc3 39. h4 Rc4 40. g4 Rxd4 41. Kg3 c5 42. h5 Rd1 43. h6 c4 44. h7 1-0

[Event "4th GRENKE Open 2019"]
[Site "Karlsruhe"]
[Date "2019.04.19"]
[Round "2.49"]
[White "Studer, Noel"]
[Black "Ackermann, Hans Werner"]
[Result "1-0"]
[WhiteElo "2514"]
[BlackElo "2237"]
[Annotator "TA"]
[PlyCount "73"]
[EventDate "2019.04.18"]
[EventType "swiss"]
[EventCountry "GER"]
[SourceTitle "playchess.com"]
[Source "ChessBase"]
[SourceQuality "1"]

1. d4 d6 2. Nf3 g6 3. g3 Bg4 4. Bg2 Qc8 5. h3 Bd7 6. e4 Bg7 7. Nc3 Nc6 8. Be3 e5 9. d5 Nce7 10. Qd2 b5 11. a3 a6 12. Nh4 Rb8 13. f4 h6 14. Nf3 f6 15. g4 exf4 16. Bxf4 g5 17. Be3 h5 18. gxh5 Rxh5 19. O-O-O Ng6 20. Ne2 N8e7 21. Rdf1 a5 22. Ned4 b4 23. a4 c5 24. dxc6 Bxc6 25. Nf5 Nxf5 26. exf5 Ne7 27. Nd4 Bxa4 28. Qe2 Rh4 29. Bf2 Rh7 30. h4 g4 31. Re1 Bh6+ 32. Kb1 Rg7 33. Bg3 Rb6 34. Ne6 Rf7 35. b3 Bd7 36. Qf2 Qb8 37. Qd4 1-0

[Event "4th GRENKE Open 2019"]
[Site "Karlsruhe"]
[Date "2019.04.19"]
[Round "2.50"]
[White "Kokoszczynski, Jan"]
[Black "Sanal, Vahap"]
[Result "0-1"]
[WhiteElo "2249"]
[BlackElo "2513"]
[Annotator "TA"]
[PlyCount "86"]
[EventDate "2019.04.18"]
[EventType "swiss"]
[EventCountry "GER"]
[SourceTitle "playchess.com"]
[Source "ChessBase"]
[SourceQuality "1"]

1. d4 Nf6 2. c4 e6 3. g3 d5 4. Bg2 Be7 5. Nf3 O-O 6. O-O c6 7. Qc2 Nbd7 8. Nbd2 b6 9. e4 Bb7 10. e5 Ne8 11. b3 Nc7 12. Bb2 a5 13. Rac1 a4 14. Rfd1 Ra7 15. Nf1 Qa8 16. Ne3 Na6 17. cxd5 cxd5 18. Qb1 axb3 19. axb3 Nb4 20. Ne1 Ba6 21. N3c2 Be2 22. Rd2 Bh5 23. Nd3 Nxd3 24. Rxd3 Rc8 25. Bf1 Rac7 26. b4 Bg6 27. Ra3 Ra7 28. Bd3 Rxa3 29. Nxa3 Rxc1+ 30. Bxc1 Bxd3 31. Qxd3 Bxb4 32. Nc2 Be7 33. Qb5 Qc8 34. Bd2 Nxe5 35. dxe5 Qxc2 36. Be3 d4 37. Bg5 Qc5 38. Qe8+ Bf8 39. h4 h6 40. Bd2 Qc2 41. Bf4 d3 42. Qd8 b5 43. Be3 b4 0-1

[Event "4th GRENKE Open 2019"]
[Site "Karlsruhe"]
[Date "2019.04.19"]
[Round "2.51"]
[White "Zanan, Evgeny"]
[Black "Wilhelm, Till"]
[Result "1/2-1/2"]
[WhiteElo "2510"]
[BlackElo "2234"]
[Annotator "TA"]
[PlyCount "77"]
[EventDate "2019.04.18"]
[EventType "swiss"]
[EventCountry "GER"]
[SourceTitle "playchess.com"]
[Source "ChessBase"]
[SourceQuality "1"]

1. d4 Nf6 2. c4 e6 3. Nc3 d5 4. Nf3 Nbd7 5. Bf4 dxc4 6. e3 Nb6 7. Ne5 Nfd5 8. Bg3 Nxc3 9. bxc3 Qd5 10. Qc2 Bd6 11. a4 Qa5 12. Nxc4 Nxc4 13. Bxc4 O-O 14. e4 b6 15. Rb1 a6 16. O-O Bd7 17. Ra1 Bxg3 18. hxg3 Qg5 19. Bd3 c5 20. e5 h6 21. Qe2 cxd4 22. cxd4 a5 23. g4 Bc6 24. Rfc1 Bd5 25. Be4 Rfd8 26. g3 Qe7 27. Rab1 Qb7 28. Bxd5 Rxd5 29. Rc4 Rad8 30. Qb2 Qa6 31. Qc3 g6 32. Rc1 b5 33. Rc6 Qa7 34. axb5 Rxb5 35. Rc8 Rbd5 36. Rxd8+ Rxd8 37. Qc5 Qxc5 38. dxc5 a4 39. c6 1/2-1/2

[Event "4th GRENKE Open 2019"]
[Site "Karlsruhe"]
[Date "2019.04.19"]
[Round "2.52"]
[White "Kersten, Uwe"]
[Black "Lobron, Eric"]
[Result "1/2-1/2"]
[WhiteElo "2241"]
[BlackElo "2508"]
[Annotator "TA"]
[PlyCount "118"]
[EventDate "2019.04.18"]
[EventType "swiss"]
[EventCountry "GER"]
[SourceTitle "playchess.com"]
[Source "ChessBase"]
[SourceQuality "1"]

1. e4 g6 2. d4 Bg7 3. Nf3 d6 4. Bc4 c6 5. Bb3 Nf6 6. Nbd2 O-O 7. O-O Na6 8. Re1 Nc7 9. c3 a5 10. a4 Rb8 11. h3 d5 12. e5 Nh5 13. Nf1 Ne6 14. N1h2 f5 15. exf6 Bxf6 16. Ng4 Nef4 17. Bc2 Qd6 18. Nfe5 Bg7 19. Bd3 b6 20. Bf1 c5 21. g3 Ne6 22. Nh6+ Bxh6 23. Bxh6 Nhg7 24. Bg2 Bb7 25. Qd2 Rbd8 26. f4 cxd4 27. cxd4 Rc8 28. Bxg7 Nxg7 29. Kh2 Rc7 30. Rac1 Rfc8 31. Rxc7 Qxc7 32. Ng4 Nf5 33. Ne3 Qd6 34. Nxf5 gxf5 35. Re5 e6 36. Qe2 Rc6 37. g4 fxg4 38. Qxg4+ Kh8 39. Qg3 Rc8 40. Qg4 Re8 41. Kh1 Bc6 42. b3 Bd7 43. Qh4 Rf8 44. Bf1 Rf7 45. Bd3 Qe7 46. Rg5 Be8 47. Bg6 Rf8 48. Bd3 Rf7 49. Bg6 Rg7 50. Bxe8 Qxe8 51. Rxg7 Kxg7 52. Qg5+ Qg6 53. Qe7+ Kg8 54. Qd8+ Kf7 55. Qc7+ Kf6 56. Qe5+ Kf7 57. Qc7+ Kg8 58. Qd8+ Kg7 59. Qe7+ Kg8 1/2-1/2

[Event "4th GRENKE Open 2019"]
[Site "Karlsruhe"]
[Date "2019.04.19"]
[Round "2.53"]
[White "Malakhatko, Vadim"]
[Black "Gheng, Josef"]
[Result "1/2-1/2"]
[WhiteElo "2508"]
[BlackElo "2233"]
[Annotator "TA"]
[PlyCount "131"]
[EventDate "2019.04.18"]
[EventType "swiss"]
[EventCountry "GER"]
[SourceTitle "playchess.com"]
[Source "ChessBase"]
[SourceQuality "1"]

1. d4 Nf6 2. c4 e6 3. Nf3 d5 4. Nc3 c6 5. e3 Nbd7 6. Bd3 dxc4 7. Bxc4 b5 8. Bd3 a6 9. a4 Bb7 10. axb5 cxb5 11. O-O Rc8 12. Re1 Bb4 13. Bd2 O-O 14. Ne4 Qe7 15. Nxf6+ Nxf6 16. e4 h6 17. Bxb4 Qxb4 18. Qd2 Qxd2 19. Nxd2 Rfd8 20. Nb3 Rc7 21. f3 e5 22. d5 Ne8 23. Rec1 Rdc8 24. Rxc7 Rxc7 25. Kf2 Kf8 26. Ke3 Nd6 27. f4 f6 28. fxe5 fxe5 29. Nd2 Ke7 30. Nf3 Nf7 31. Kd2 Bc8 32. Ne1 Kd6 33. b4 Ke7 34. Nf3 g5 35. h3 Kf6 36. Rf1 Kg6 37. Ne1 Nd6 38. Nf3 Nf7 39. Be2 h5 40. Ra1 g4 41. hxg4 hxg4 42. Ne1 Nd6 43. Bd3 Kg5 44. g3 Rh7 45. Rc1 Bb7 46. Ke3 Rh3 47. Kf2 Rh7 48. Rc5 Rh2+ 49. Ng2 Rh7 50. Nh4 Rf7+ 51. Ke3 Rd7 52. Be2 Rf7 53. Rc1 Kh5 54. Ng2 Kg5 55. Rh1 Rc7 56. Rh8 Rc3+ 57. Bd3 Bxd5 58. exd5 e4 59. Ne1 exd3 60. Nxd3 Nf5+ 61. Kd2 Rc4 62. Rg8+ Kf6 63. Rf8+ Kg5 64. Rg8+ Kf6 65. Rf8+ Kg5 66. Rg8+ 1/2-1/2

[Event "4th GRENKE Open 2019"]
[Site "Karlsruhe"]
[Date "2019.04.19"]
[Round "2.54"]
[White "Baldauf, Marco"]
[Black "Bluhm, Sonja Maria"]
[Result "1-0"]
[WhiteElo "2493"]
[BlackElo "2233"]
[Annotator "TA"]
[PlyCount "81"]
[EventDate "2019.04.18"]
[EventType "swiss"]
[EventCountry "GER"]
[SourceTitle "playchess.com"]
[Source "ChessBase"]
[SourceQuality "1"]

1. d4 d5 2. c4 c6 3. Nc3 Nf6 4. e3 a6 5. Nf3 Bf5 6. Bd2 e6 7. Qb3 Ra7 8. Nh4 Bg6 9. Nxg6 hxg6 10. g3 Bd6 11. Bg2 Nbd7 12. O-O O-O 13. Rfd1 Qe7 14. c5 Bc7 15. Qc2 e5 16. Re1 e4 17. b4 Nh7 18. a4 a5 19. b5 Bb8 20. Rab1 g5 21. bxc6 bxc6 22. Nxe4 dxe4 23. Bxe4 g6 24. Bxc6 g4 25. Bg2 Ng5 26. e4 Nh3+ 27. Kf1 Rd8 28. Be3 Nf8 29. Qe2 Qd7 30. d5 Qc8 31. Rxb8 Qxb8 32. Qxg4 Nxf2 33. Bxf2 Rb7 34. c6 Rb1 35. Qf4 Rxe1+ 36. Bxe1 Qb3 37. Kg1 Qc4 38. h4 Re8 39. Kh2 Qxa4 40. Bc3 Nh7 41. Qh6 1-0

[Event "4th GRENKE Open 2019"]
[Site "Karlsruhe"]
[Date "2019.04.19"]
[Round "2.55"]
[White "Ruecker, Benjamin"]
[Black "Engel, Luis"]
[Result "1/2-1/2"]
[WhiteElo "2238"]
[BlackElo "2490"]
[Annotator "TA"]
[PlyCount "108"]
[EventDate "2019.04.18"]
[EventType "swiss"]
[EventCountry "GER"]
[SourceTitle "playchess.com"]
[Source "ChessBase"]
[SourceQuality "1"]

1. c4 Nf6 2. Nc3 e6 3. e4 d5 4. e5 d4 5. exf6 dxc3 6. bxc3 Qxf6 7. Nf3 b6 8. d4 Bb7 9. Bd3 h6 10. O-O Bd6 11. Nd2 Nd7 12. Rb1 c5 13. Re1 Qe7 14. Ne4 Bxe4 15. Rxe4 Nf6 16. Re1 O-O 17. Qf3 Rfd8 18. g3 Rab8 19. Be3 Qb7 20. Kg2 Ng4 21. Qxb7 Nxe3+ 22. fxe3 Rxb7 23. a4 Re7 24. Kf2 g6 25. Rb5 e5 26. a5 exd4 27. exd4 Rxe1 28. Kxe1 Bc7 29. axb6 axb6 30. dxc5 Rxd3 31. cxb6 Bxb6 32. Rxb6 Rxc3 33. Rb2 Rxc4 34. h4 Kg7 35. Kf2 g5 36. hxg5 hxg5 37. Kg2 Kg6 38. Ra2 f5 39. Rb2 Kh5 40. Ra2 Kg4 41. Rb2 Rc3 42. Rb4+ f4 43. gxf4 gxf4 44. Rb8 Rc2+ 45. Kf1 Kg3 46. Rf8 Kf3 47. Kg1 Rc1+ 48. Kh2 Re1 49. Rf7 Re4 50. Kg1 Re1+ 51. Kh2 Ke3 52. Kg2 Re2+ 53. Kf1 Ra2 54. Rf8 Kf3 1/2-1/2

[Event "4th GRENKE Open 2019"]
[Site "Karlsruhe"]
[Date "2019.04.19"]
[Round "2.56"]
[White "Pijpers, Arthur"]
[Black "Heimrath, Reiner"]
[Result "1-0"]
[WhiteElo "2485"]
[BlackElo "2232"]
[Annotator "TA"]
[PlyCount "97"]
[EventDate "2019.04.18"]
[EventType "swiss"]
[EventCountry "GER"]
[SourceTitle "playchess.com"]
[Source "ChessBase"]
[SourceQuality "1"]

1. e4 e5 2. Nf3 Nc6 3. Bb5 a6 4. Ba4 g6 5. c3 Bg7 6. d4 b5 7. Bc2 exd4 8. cxd4 d6 9. h3 Nf6 10. O-O O-O 11. Nc3 h6 12. Be3 Re8 13. Qc1 Kh7 14. Bb3 Qd7 15. Rd1 Na5 16. Bc2 Bb7 17. d5 Qe7 18. Nd2 Nd7 19. Ne2 Rac8 20. Rb1 c5 21. b3 Qd8 22. Ng3 Ba8 23. Nf3 Nb7 24. h4 Ne5 25. Nxe5 dxe5 26. h5 Nd6 27. a4 c4 28. b4 Rg8 29. Ra1 Bf8 30. axb5 axb5 31. Ra7 Bb7 32. f4 exf4 33. Bxf4 Ra8 34. Rxa8 Bxa8 35. e5 Nf5 36. Nxf5 gxf5 37. Bxf5+ Kh8 38. e6 f6 39. Qd2 Be7 40. Bxh6 Qd6 41. Be3 Qe5 42. Bg6 c3 43. Qf2 Bxd5 44. Bd4 c2 45. Qxc2 Qxe6 46. Qd2 Bf8 47. Rf1 Rxg6 48. hxg6 Qg4 49. Bxf6+ 1-0

[Event "4th GRENKE Open 2019"]
[Site "Karlsruhe"]
[Date "2019.04.19"]
[Round "2.57"]
[White "Donchenko, Anatoly"]
[Black "Beerdsen, Thomas"]
[Result "1/2-1/2"]
[WhiteElo "2237"]
[BlackElo "2483"]
[Annotator "TA"]
[PlyCount "74"]
[EventDate "2019.04.18"]
[EventType "swiss"]
[EventCountry "GER"]
[SourceTitle "playchess.com"]
[Source "ChessBase"]
[SourceQuality "1"]

1. Nf3 d5 2. d4 Nc6 3. Bf4 Bg4 4. e3 e6 5. h3 Bh5 6. a3 Bd6 7. Bxd6 Qxd6 8. Be2 Nf6 9. Nbd2 O-O 10. c4 Rad8 11. O-O Nd7 12. b4 a6 13. Rc1 f5 14. Nb3 dxc4 15. Bxc4 Kh8 16. Be2 Qe7 17. Nc5 Nxc5 18. Rxc5 Rd5 19. Qc2 f4 20. Rxc6 bxc6 21. Ne5 Bxe2 22. Qxe2 Qg5 23. Nf3 Qh6 24. e4 Rb5 25. Rc1 Rb6 26. Rc5 Qg6 27. Ne5 Qe8 28. Qc4 Rf6 29. a4 f3 30. Nxf3 Qb8 31. Rxc6 Rxb4 32. Qc5 Rxa4 33. e5 Rxf3 34. gxf3 Qd8 35. Rxc7 Qg5+ 36. Kh2 Qf4+ 37. Kg2 Qg5+ 1/2-1/2

[Event "4th GRENKE Open 2019"]
[Site "Karlsruhe"]
[Date "2019.04.19"]
[Round "2.58"]
[White "Repka, Christopher"]
[Black "Hinrichs, Lars"]
[Result "1-0"]
[WhiteElo "2482"]
[BlackElo "2232"]
[Annotator "TA"]
[PlyCount "52"]
[EventDate "2019.04.18"]
[EventType "swiss"]
[EventCountry "GER"]
[SourceTitle "playchess.com"]
[Source "ChessBase"]
[SourceQuality "1"]

1. d4 Nf6 2. c4 e6 3. Nc3 Bb4 4. e3 O-O 5. Bd3 d5 6. Nf3 c5 7. O-O Nc6 8. a3 Bxc3 9. bxc3 dxc4 10. Bxc4 Qc7 11. Bd3 e5 12. Qc2 Re8 13. Ng5 h6 14. Ne4 Nxe4 15. Bxe4 Ne7 16. dxe5 Qxe5 17. f4 Qf6 18. Bh7+ Kh8 19. Bd3 Be6 20. e4 Nc6 21. Rb1 b6 22. e5 Qh4 23. Be4 Rac8 24. Be3 Bc4 25. Bxc6 Rxc6 26. Qe4 Qd8 1-0

[Event "4th GRENKE Open 2019"]
[Site "Karlsruhe"]
[Date "2019.04.19"]
[Round "2.59"]
[White "Giessmann, Stephan"]
[Black "Prithu Gupta"]
[Result "0-1"]
[WhiteElo "2237"]
[BlackElo "2478"]
[Annotator "TA"]
[PlyCount "62"]
[EventDate "2019.04.18"]
[EventType "swiss"]
[EventCountry "GER"]
[SourceTitle "playchess.com"]
[Source "ChessBase"]
[SourceQuality "1"]

1. d4 d5 2. c4 e6 3. Nc3 a6 4. cxd5 exd5 5. Bf4 Ne7 6. e3 Ng6 7. Bg3 c6 8. Bd3 Nd7 9. h4 Be7 10. Nf3 Nf6 11. h5 Nf8 12. Ne5 h6 13. Qc2 Ne6 14. O-O-O O-O 15. Bh4 Nd7 16. Bxe7 Qxe7 17. Nf3 b5 18. Kb1 Bb7 19. Bh7+ Kh8 20. Bf5 Rac8 21. g4 c5 22. Qd2 b4 23. Ne2 c4 24. Ka1 Nf6 25. Ne5 Ne4 26. Bxe4 dxe4 27. d5 Rfd8 28. d6 Qf6 29. d7 Rc5 30. Nxf7+ Qxf7 31. Qxb4 Rc7 0-1